Asia's next giant : (Record no. 1408)

MARC details
000 -LEADER
fixed length control field 01160cam a2200325 a 4500
001 - CONTROL NUMBER
control field 2438804
003 - CONTROL NUMBER IDENTIFIER
control field OSt
005 - DATE AND TIME OF LATEST TRANSACTION
control field 20150413142056.0
008 - FIXED-LENGTH DATA ELEMENTS--GENERAL INFORMATION
fixed length control field 890110s1989 nyua b 001 0 eng
010 ## - LIBRARY OF CONGRESS CONTROL NUMBER
LC control number 88036231
020 ## - INTERNATIONAL STANDARD BOOK NUMBER
International Standard Book Number 0195076036
040 ## - CATALOGING SOURCE
Original cataloging agency DLC
Transcribing agency DLC
Modifying agency DLC
043 ## - GEOGRAPHIC AREA CODE
Geographic area code a-ko---
050 00 - LIBRARY OF CONGRESS CALL NUMBER
Classification number HC467
Item number .A629 1989
082 00 - DEWEY DECIMAL CLASSIFICATION NUMBER
Classification number 338.095195
Edition number 19
Item number AMS 1989
100 1# - MAIN ENTRY--PERSONAL NAME
Personal name Amsden, Alice H.
Fuller form of name (Alice Hoffenberg)
9 (RLIN) 3713
245 10 - TITLE STATEMENT
Title Asia's next giant :
Remainder of title South Korea and late industrialization /
Statement of responsibility, etc. Alice H. Amsden.
260 ## - PUBLICATION, DISTRIBUTION, ETC. (IMPRINT)
Place of publication, distribution, etc. New York :
Name of publisher, distributor, etc. Oxford University Press,
Date of publication, distribution, etc. 1989.
300 ## - PHYSICAL DESCRIPTION
Extent xvi, 379 p. :
Other physical details ill. ;
Dimensions 24 cm.
500 ## - GENERAL NOTE
General note Includes indexes.
504 ## - BIBLIOGRAPHY, ETC. NOTE
Bibliography, etc Bibliography: p. 331-352.
650 #0 - SUBJECT ADDED ENTRY--TOPICAL TERM
Topical term or geographic name as entry element Industries
Geographic subdivision Korea (South)
9 (RLIN) 3714
650 #0 - SUBJECT ADDED ENTRY--TOPICAL TERM
Topical term or geographic name as entry element Industrial policy
Geographic subdivision Korea (South)
9 (RLIN) 3715
651 #0 - SUBJECT ADDED ENTRY--GEOGRAPHIC NAME
Geographic name Korea (South)
General subdivision Economic conditions
Chronological subdivision 1960-1988.
9 (RLIN) 3716
651 #0 - SUBJECT ADDED ENTRY--GEOGRAPHIC NAME
Geographic name Korea (South)
General subdivision Economic policy
Chronological subdivision 1960-1988.
9 (RLIN) 3717
856 42 - ELECTRONIC LOCATION AND ACCESS
Materials specified Publisher description
Uniform Resource Identifier http://www.loc.gov/catdir/enhancements/fy0640/88036231-d.html
906 ## - LOCAL DATA ELEMENT F, LDF (RLIN)
a 7
b cbc
c orignew
d 1
e ocip
f 19
g y-gencatlg
942 ## - ADDED ENTRY ELEMENTS (KOHA)
Source of classification or shelving scheme Dewey Decimal Classification
Koha item type Short Loan
Holdings
Withdrawn status Lost status Source of classification or shelving scheme Damaged status Not for loan Home library Current library Date acquired Inventory number Total Checkouts Full call number Barcode Date last seen Price effective from Koha item type
    Dewey Decimal Classification     MUST Main Library MUST Main Library 13/04/2015 2003/19250   338.095195 AMS 1989 2015-0907 13/04/2015 13/04/2015 Short Loan